<?xml version="1.0" encoding="UTF-8"?>
<collection xmlns="http://www.loc.gov/MARC21/slim">
    <record>
        <controlfield tag="001">63174</controlfield>
        <controlfield tag="005">20200221144317.0</controlfield>
        <datafield tag="024" ind1="7" ind2=" ">
            <subfield code="2">doi</subfield>
            <subfield code="a">10.2527/jas.2015-0109</subfield>
        </datafield>
        <datafield tag="024" ind1="8" ind2=" ">
            <subfield code="2">sideral</subfield>
            <subfield code="a">97115</subfield>
        </datafield>
        <datafield tag="037" ind1=" " ind2=" ">
            <subfield code="a">ART-2016-97115</subfield>
        </datafield>
        <datafield tag="041" ind1=" " ind2=" ">
            <subfield code="a">eng</subfield>
        </datafield>
        <datafield tag="100" ind1=" " ind2=" ">
            <subfield code="0">(orcid)0000-0003-0656-554X</subfield>
            <subfield code="a">Schauf, S.</subfield>
            <subfield code="u">Universidad de Zaragoza</subfield>
        </datafield>
        <datafield tag="245" ind1=" " ind2=" ">
            <subfield code="a">Effect of sterilization and of dietary fat and carbohydrate content on food intake, activity level, and blood satiety–related hormones in female dogs</subfield>
        </datafield>
        <datafield tag="260" ind1=" " ind2=" ">
            <subfield code="c">2016</subfield>
        </datafield>
        <datafield tag="506" ind1="0" ind2=" ">
            <subfield code="a">Access copy available to the general public</subfield>
            <subfield code="f">Unrestricted</subfield>
        </datafield>
        <datafield tag="520" ind1="3" ind2=" ">
            <subfield code="a">Animal sterilization is suggested to promote food overconsumption, although it is unknown whether this effect is mediated by variations in satiety-related hormones, which are released in response to food intake. The aim of this study was to evaluate the effect of sterilization and of the main energy-delivery nutrients, fat and nonstructural carbohydrates, on food intake, blood concentration of satiety-related hormones, and activity level in dogs. In a 2-phase experiment (phase I Ph.I], 74 d, and Ph.II, 84 d), 12 female Beagle dogs were assigned to a control group (intact in both phases) and a sterilization group (spayed 20 d before Ph.II). In each phase, dogs received a high-carbohydrate (HC) diet (313 and 105 g/kg DM starch and fat, respectively) and a high-fat (HF) diet (191 and 213 g/kg DM starch and fat, respectively), both high in total dietary fiber (>200 g/kg DM) and providing 27% ME as protein, in 2 consecutive periods following a crossover arrangement. During each period, dogs’ voluntary DMI and activity level were recorded during 5 d. Then, energy allowance was restricted to 0.7 maintenance and the level of intake of a common challenge food offered 4 h after feeding the experimental diets (challenge food intake ChFI]) was used as an index of the satiety state of dogs. Blood concentration of active ghrelin, cholecystokinin (CCK), total peptide YY (PYY), and insulin were determined before and 15, 60, 120, 240, and 360 min after feeding. Voluntary DMI was greater (P 0.10). Dogs fed the HF diet showed a lower increase of CCK at 120 (P 0.10). Dogs fed the HF diet showed a lower increase of CCK at 120 (P 0.10). Dogs fed the HF diet showed a lower increase of CCK at 120 (P 0.10). Dogs fed the HF diet showed a lower increase of CCK at 120 (P 0.10). Dogs fed the HF diet showed a lower increase of CCK at 120 (P 0.10) but led to a reduced activity level compared with control dogs (P &lt; 0.05). In summary, dog sterilization was not associated with an impaired appetite control. Feeding dogs the HF diet led to energy overconsumption and to a lower blood elevation of CCK and PYY but was not associated with a weaker satiating effect 4 h later compared with the HC diet.</subfield>
        </datafield>
        <datafield tag="540" ind1=" " ind2=" ">
            <subfield code="9">info:eu-repo/semantics/openAccess</subfield>
            <subfield code="a">All rights reserved</subfield>
            <subfield code="u">http://www.europeana.eu/rights/rr-f/</subfield>
        </datafield>
        <datafield tag="590" ind1=" " ind2=" ">
            <subfield code="a">1.863</subfield>
            <subfield code="b">2016</subfield>
        </datafield>
        <datafield tag="591" ind1=" " ind2=" ">
            <subfield code="a">AGRICULTURE, DAIRY &amp; ANIMAL SCIENCE</subfield>
            <subfield code="b">8 / 57 = 0.14</subfield>
            <subfield code="c">2016</subfield>
            <subfield code="d">Q1</subfield>
            <subfield code="e">T1</subfield>
        </datafield>
        <datafield tag="592" ind1=" " ind2=" ">
            <subfield code="a">1.034</subfield>
            <subfield code="b">2016</subfield>
        </datafield>
        <datafield tag="593" ind1=" " ind2=" ">
            <subfield code="a">Animal Science and Zoology</subfield>
            <subfield code="c">2016</subfield>
            <subfield code="d">Q1</subfield>
        </datafield>
        <datafield tag="593" ind1=" " ind2=" ">
            <subfield code="a">Medicine (miscellaneous)</subfield>
            <subfield code="c">2016</subfield>
            <subfield code="d">Q1</subfield>
        </datafield>
        <datafield tag="593" ind1=" " ind2=" ">
            <subfield code="a">Food Science</subfield>
            <subfield code="c">2016</subfield>
            <subfield code="d">Q1</subfield>
        </datafield>
        <datafield tag="593" ind1=" " ind2=" ">
            <subfield code="a">Genetics</subfield>
            <subfield code="c">2016</subfield>
            <subfield code="d">Q2</subfield>
        </datafield>
        <datafield tag="655" ind1=" " ind2="4">
            <subfield code="a">info:eu-repo/semantics/article</subfield>
            <subfield code="v">info:eu-repo/semantics/publishedVersion</subfield>
        </datafield>
        <datafield tag="700" ind1=" " ind2=" ">
            <subfield code="a">Salas-Mani, A.</subfield>
        </datafield>
        <datafield tag="700" ind1=" " ind2=" ">
            <subfield code="a">Torre, C.</subfield>
        </datafield>
        <datafield tag="700" ind1=" " ind2=" ">
            <subfield code="a">Bosch, G.</subfield>
        </datafield>
        <datafield tag="700" ind1=" " ind2=" ">
            <subfield code="a">Swarts, H.</subfield>
        </datafield>
        <datafield tag="700" ind1=" " ind2=" ">
            <subfield code="0">(orcid)0000-0002-9282-7974</subfield>
            <subfield code="a">Castrillo, C.</subfield>
            <subfield code="u">Universidad de Zaragoza</subfield>
        </datafield>
        <datafield tag="710" ind1="2" ind2=" ">
            <subfield code="1">2008</subfield>
            <subfield code="2">700</subfield>
            <subfield code="a">Universidad de Zaragoza</subfield>
            <subfield code="b">Dpto. Produc.Animal Cienc.Ali.</subfield>
            <subfield code="c">Área Producción Animal</subfield>
        </datafield>
        <datafield tag="773" ind1=" " ind2=" ">
            <subfield code="g">94, 10 (2016), 4239-4250</subfield>
            <subfield code="p">J. anim. sci.</subfield>
            <subfield code="t">JOURNAL OF ANIMAL SCIENCE</subfield>
            <subfield code="x">0021-8812</subfield>
        </datafield>
        <datafield tag="856" ind1="4" ind2=" ">
            <subfield code="s">495376</subfield>
            <subfield code="u">http://zaguan.unizar.es/record/63174/files/texto_completo.pdf</subfield>
            <subfield code="y">Versión publicada</subfield>
        </datafield>
        <datafield tag="856" ind1="4" ind2=" ">
            <subfield code="s">114484</subfield>
            <subfield code="u">http://zaguan.unizar.es/record/63174/files/texto_completo.jpg?subformat=icon</subfield>
            <subfield code="x">icon</subfield>
            <subfield code="y">Versión publicada</subfield>
        </datafield>
        <datafield tag="909" ind1="C" ind2="O">
            <subfield code="o">oai:zaguan.unizar.es:63174</subfield>
            <subfield code="p">articulos</subfield>
            <subfield code="p">driver</subfield>
        </datafield>
        <datafield tag="951" ind1=" " ind2=" ">
            <subfield code="a">2020-02-21-13:39:34</subfield>
        </datafield>
        <datafield tag="980" ind1=" " ind2=" ">
            <subfield code="a">ARTICLE</subfield>
        </datafield>
    </record>

    
</collection>